| 000 | 00428nam a22001697a 4500 | ||
|---|---|---|---|
| 005 | 20260302115945.0 | ||
| 008 | 260302b |||||||| |||| 00| 0 eng d | ||
| 020 | _a9780702083600 (pbk) | ||
| 040 | _cPK-LaUMT | ||
| 082 |
_a616.1207543 _bKAD-E |
||
| 100 |
_aKaddoura, Sam _99584 |
||
| 245 |
_aEcho made easy / _cby Sam Kaddoura |
||
| 250 | _a4th ed. | ||
| 260 |
_aIndia : _bElsevier, _c2025 |
||
| 300 | _a276 p. | ||
| 942 | _cBK | ||
| 999 |
_c139940 _d139940 |
||